[Event "Gatineau Special Hiver Rotation-2"]
[Site "Gatineau"]
[Date "2018.02.20"]
[Round "3"]
[White "Simard, Paul"]
[Black "Lepine, Louis"]
[Result "1-0"]
[WhiteElo "1179"]
[BlackElo "1066"]
[PlyCount "57"]
[EventDate "2018.02.06"]
[EventType "tourn"]
[EventRounds "5"]
[EventCountry "CAN"]
[SourceTitle "EXT 2022"]
[Source "ChessBase"]
[SourceDate "2021.10.06"]
[SourceVersion "1"]
[SourceVersionDate "2021.10.06"]
[SourceQuality "1"]

1. d4 d5 2. c4 Nf6 3. Nf3 Ne4 4. Nc3 e6 5. Bf4 g5 6. Nxe4 dxe4 7. Nxg5 Bh6 8. Nxf7 Kxf7 9. Bxh6 Kg6 10. Bf4 Nc6 11. e3 Rf8 12. Qc2 Rf5 13. Qxe4 Qe7 14. a3 e5 15. g4 exf4 16. gxf5+ Bxf5 17. Qxe7 Nxe7 18. exf4 Rg8 19. 0-0-0 Bg4 20. Re1 Kf6 21. c5 Bf3 22. Bc4 b5 23. Bxg8 Bxh1 24. Rxh1 Nxg8 25. Re1 Kf5 26. Re8 Nf6 27. Re7 Nd5 28. Re5+ Kxf4 29. Rxd5 1-0

[Event "Gatineau Pere Noel CEH-B"]
[Site "Gatineau"]
[Date "2017.12.05"]
[Round "1"]
[White "Sabourin, Yves"]
[Black "Lepine, Louis"]
[Result "1-0"]
[WhiteElo "1485"]
[BlackElo "1044"]
[PlyCount "59"]
[EventDate "2017.12.05"]
[EventType "swiss"]
[EventRounds "6"]
[EventCountry "CAN"]
[SourceTitle "EXT 2022"]
[Source "ChessBase"]
[SourceDate "2021.10.06"]
[SourceVersion "1"]
[SourceVersionDate "2021.10.06"]
[SourceQuality "1"]

1. e4 e5 2. Nf3 Nc6 3. Bb5 a6 4. Ba4 b5 5. Bb3 h6 6. c3 d6 7. d4 f6 8. Be3 Na5 9. Nbd2 Bb7 10. Nxe5 dxe5 11. Qh5+ Kd7 12. Qf5+ Ke8 13. Bxg8 Rxg8 14. Qe6+ Qe7 15. Qxg8 Kd7 16. b4 Nc6 17. d5 Na7 18. Bc5 Qd8 19. Qxf8 Qxf8 20. Bxf8 Rxf8 21. 0-0 c6 22. dxc6+ Nxc6 23. Rfd1 Ke6 24. Nb3 Ba8 25. Nc5+ Kf7 26. Rd7+ Kg8 27. Rad1 Rd8 28. Rxd8+ Nxd8 29. Rxd8+ Kf7 30. Rxa8 1-0